| 000 | 01052nam a22003617a 4500 | ||
|---|---|---|---|
| 001 | BR7909386 | ||
| 003 | BR-BrBNA | ||
| 005 | 20230928090505.0 | ||
| 007 | ta | ||
| 008 | 230509b bl.||||| |||| 00| 0 por d | ||
| 040 |
_aBR-BrBNA _bpor _cBiblioteca Nacional de Agricultura |
||
| 041 | _a(Por) | ||
| 072 |
_aF01; E70 _b0430 _b0120 _b1410 _b0510 _b0230 _b9310 _b0311 _b1112 _b/G514 |
||
| 090 | _ 0430 BR7909386 | ||
| 110 | 1 |
_aComissao Estadual de Planejamento Agricola, Natal, RN (Brasil) _92056 |
|
| 245 | 1 | _aMargens e "Markups" de comercializacao de produtos agricolas no Rio Grande do Norte. Periodo 1973/77 [Brasil] | |
| 260 | 3 |
_aNatal, RN (Brasil): _c1979. |
|
| 300 | _a36 p. | ||
| 500 | _a13 ref.; 8 tables | ||
| 650 | _aALGODAO | ||
| 650 | _aMILHO | ||
| 650 | _aFEIJAO | ||
| 650 | _aSISAL | ||
| 650 | _aCANA DE ACUCAR | ||
| 650 | _aFARINHA | ||
| 650 | _aCOCO | ||
| 650 | _aBANANA PRATA | ||
| 650 | _aCOMERCIALIZACAO | ||
| 650 | _aPRECO | ||
| 650 | _aRIO GRANDE DO NORTE | ||
| 909 |
_a202309 _bLucia _c55 _dLucia Elande |
||
| 942 | _cBK | ||
| 999 |
_c29057 _d29057 |
||